The skilled helper : (Record no. 330940)
[ view plain ]
| 000 -LEADER | |
|---|---|
| fixed length control field | 01605cam a2200361 a 4500 |
| 001 - CONTROL NUMBER | |
| control field | 17459882 |
| 003 - CONTROL NUMBER IDENTIFIER | |
| control field | NUST |
| 005 - DATE AND TIME OF LATEST TRANSACTION | |
| control field | 20180117090028.0 |
| 008 - FIXED-LENGTH DATA ELEMENTS--GENERAL INFORMATION | |
| fixed length control field | 120911s2014 caua b 001 0 eng d |
| 010 ## - LIBRARY OF CONGRESS CONTROL NUMBER | |
| LC control number | 2012949260 |
| 020 ## - INTERNATIONAL STANDARD BOOK NUMBER | |
| International Standard Book Number | 1285065719 (hbk.) |
| 020 ## - INTERNATIONAL STANDARD BOOK NUMBER | |
| International Standard Book Number | 9781285065717 (hbk.) |
| 035 ## - SYSTEM CONTROL NUMBER | |
| System control number | (OCoLC)ocn823876435 |
| 040 ## - CATALOGING SOURCE | |
| Original cataloging agency | Z@L |
| Language of cataloging | eng |
| Transcribing agency | Z@L |
| Modifying agency | YDXCP |
| -- | GGB |
| -- | BWX |
| -- | DLC |
| 042 ## - AUTHENTICATION CODE | |
| Authentication code | lccopycat |
| 050 00 - LIBRARY OF CONGRESS CALL NUMBER | |
| Classification number | BF637.C6 |
| Item number | E39 2014 |
| 082 04 - DEWEY DECIMAL CLASSIFICATION NUMBER | |
| Classification number | 158.3 |
| Edition number | 23 |
| 100 1# - MAIN ENTRY--PERSONAL NAME | |
| Personal name | Egan, Gerard. |
| 9 (RLIN) | 4164 |
| 245 14 - TITLE STATEMENT | |
| Title | The skilled helper : |
| Remainder of title | a problem-management and opportunity-development approach to helping / |
| Statement of responsibility, etc. | Gerard Egan. |
| 250 ## - EDITION STATEMENT | |
| Edition statement | 10th ed. |
| 260 ## - PUBLICATION, DISTRIBUTION, ETC. | |
| Place of publication, distribution, etc. | Belmont, Calif. : |
| Name of publisher, distributor, etc. | Brooks/Cole, Cengage Learning, |
| Date of publication, distribution, etc. | c2014. |
| 300 ## - PHYSICAL DESCRIPTION | |
| Extent | xv, 464 p. : |
| Other physical details | ill. ; |
| Dimensions | 24 cm. |
| 500 ## - GENERAL NOTE | |
| General note | Illustration on p. 2 of cover. |
| 500 ## - GENERAL NOTE | |
| General note | First published under the title: The skilled helper: a model for systematic helping and interpersonal relating, c1975. |
| 504 ## - BIBLIOGRAPHY, ETC. NOTE | |
| Bibliography, etc. note | Includes bibliographical references (p. 405-449) and indexes. |
| 520 0# - SUMMARY, ETC. | |
| Summary, etc. | Internationally recognised for its successful problem-management approach to effective helping, this book offers a step-by-step guide to the counselling process. |
| 650 #0 - SUBJECT ADDED ENTRY--TOPICAL TERM | |
| Topical term or geographic name entry element | Counseling psychology. |
| 9 (RLIN) | 4077 |
| 650 #0 - SUBJECT ADDED ENTRY--TOPICAL TERM | |
| Topical term or geographic name entry element | Helping behavior. |
| 9 (RLIN) | 4165 |
| 906 ## - LOCAL DATA ELEMENT F, LDF (RLIN) | |
| a | 7 |
| b | cbc |
| c | copycat |
| d | 2 |
| e | ncip |
| f | 20 |
| g | y-gencatlg |
| 942 ## - ADDED ENTRY ELEMENTS (KOHA) | |
| Source of classification or shelving scheme | |
| Koha item type | Book |
| Withdrawn status | Lost status | Source of classification or shelving scheme | Damaged status | Not for loan | Collection code | Permanent Location | Current Location | Shelving location | Date acquired | Total Checkouts | Total Renewals | Full call number | Barcode | Date last seen | Date last checked out | Price effective from | Koha item type |
|---|---|---|---|---|---|---|---|---|---|---|---|---|---|---|---|---|---|
| Central Library (CL) | Central Library (CL) | General Stacks | 08/24/2017 | 5 | 3 | 158.3 EGA | S3H-C-59 | 12/02/2023 | 11/30/2023 | 08/24/2017 | Book |
